[Event "?"]
[Site "Ciego de Avila"]
[Date "2010.01.16"]
[Round "?"]
[White "Corrales Jimenez, Fidel"]
[Black "Quesada Perez, Yasser"]
[Result "1/2-1/2"]
[WhiteElo "2602"]
[BlackElo "2401"]
[PlyCount "144"]
[EventDate "2010.01.12"]
[EventCountry "CUB"]

1. e4 c5 2. Nf3 d6 3. d4 cxd4 4. Nxd4 Nf6 5. Nc3 a6 6. Bg5 e6 7. f4 Nc6 8. e5
h6 9. Bh4 dxe5 10. Nxc6 Qxd1+ 11. Rxd1 bxc6 12. fxe5 Nd7 13. Ne4 Bb7 14. Bg3 c5
15. Nd6+ Bxd6 16. Rxd6 Ke7 17. Kf2 Be4 18. c4 $146 ({RR} 18. Bd3 Bxd3 19. Rxd3
c4 20. Rd6 Rhc8 21. Rhd1 Rc7 22. Kg1 a5 23. h4 a4 24. h5 Rb8 25. Bh4+ f6 26.
exf6+ gxf6 27. b3 cxb3 28. cxb3 axb3 29. axb3 Rxb3 30. Ra6 Rcb7 31. Re1 R3b6
32. Ra8 Rb1 {Oparin,G (2257)-Kovchan,A (2543)/Dagomys RUS 2009/The Week in
Chess 754/0-1 (57)}) 18... Rhb8 19. Ke3 Bb1 20. Be2 Rxb2 21. Rhd1 Ra7 22. a4
Rb3+ 23. Kf2 Be4 24. h4 Rb6 25. R6d2 Nb8 26. Kg1 Rd7 27. Bf2 Rc6 28. Rb2 Rxd1+
29. Bxd1 Nd7 30. Rb7 Kd8 31. a5 Rc7 32. Rxc7 Kxc7 33. Bg3 Bd3 34. Bb3 Nb8 35.
Bf2 Nc6 36. Bxc5 Nxa5 37. Ba4 Nxc4 38. Bf8 g6 39. Bxh6 Nxe5 40. Bf4 Kd6 41. Bb3
f6 42. Kf2 Ke7 43. Ke3 Bb5 44. Kd4 Nd7 45. Bc7 Bc6 46. g3 e5+ 47. Ke3 Nc5 48.
Bc2 Kf7 49. Bd6 Nb7 50. Bb3+ Kg7 51. Be7 f5 52. Be6 a5 53. g4 fxg4 54. Bxg4 Kf7
55. Ba3 a4 56. h5 gxh5 57. Bxh5+ Kf6 58. Be2 Nd8 59. Bc4 Bd7 60. Bd5 Be6 61.
Be4 Bb3 62. Bb4 Ne6 63. Bd3 Nc7 64. Be4 Ke6 65. Bc6 Na6 66. Ba3 Nb8 67. Bb5 Kd5
68. Bb2 e4 69. Ba3 Bc2 70. Be7 Nc6 71. Bxc6+ Kxc6 72. Kd4 Kb5 1/2-1/2

[Event "?"]
[Site "Ciego de Avila"]
[Date "2010.01.16"]
[Round "5"]
[White "Jimenez Fraga, Pedro Alejandro"]
[Black "De la Paz Perdomo, Frank"]
[Result "1-0"]
[WhiteElo "2453"]
[BlackElo "2401"]
[PlyCount "79"]
[EventDate "2010.01.12"]
[EventCountry "CUB"]

1. e4 e5 2. Nf3 Nc6 3. d4 exd4 4. Nxd4 Bc5 5. Be3 Qf6 6. c3 Nge7 7. Bc4 Ne5 8.
Be2 Qg6 9. O-O d6 10. f3 O-O 11. Kh1 Bb6 ({RR} 11... d5 12. f4 Ng4 13. Bg1 Bxd4
14. f5 Qg5 15. Bxd4 Ne3 16. Bxe3 Qxe3 17. f6 gxf6 18. exd5 Nxd5 19. Bf3 {
1/2-1/2 Movsesian,S (2747)-Eljanov,P (2693)/Sarajevo BIH 2009/The Week in
Chess 757}) 12. a4 N5c6 13. Bc4 ({RR} 13. Nd2 f5 14. b4 fxe4 15. fxe4 Rxf1+ 16.
Bxf1 Kh8 17. Qb1 Nxd4 18. cxd4 Nc6 19. Qb2 a5 20. b5 Nb4 21. Re1 Bd7 22. d5
Bxe3 23. Rxe3 c6 24. Nc4 cxb5 25. Nb6 Rf8 26. Rf3 Rxf3 27. gxf3 bxa4 {
Zelcic,R (2569)-Brkic,A (2550)/Zagreb CRO 2009/The Week in Chess 751/0-1 (34)})
13... Kh8 14. Nd2 $146 ({RR} 14. b4 f5 15. Nd2 fxe4 16. fxe4 Bg4 17. Be2 Bxe2
18. Qxe2 Rae8 19. a5 Bxd4 20. cxd4 Nxb4 21. Rab1 Rxf1+ 22. Qxf1 Nc2 23. Bg1 Nc6
24. Rxb7 N2xd4 25. Rxc7 Qf6 26. Qc4 Qd8 27. Qf7 Rg8 28. Bxd4 Nxd4 {
Smith,H (2035)-Hagesaether,T (2007)/Turin 2006/CBM 112 ext/1-0 (36)}) 14... f5
15. Qe1 f4 16. Bf2 Qh5 17. Nb5 Rf6 18. Bxb6 cxb6 19. Rf2 Ne5 20. Be2 g5 21. Rd1
a6 22. Nc7 Rb8 23. Nc4 Nxc4 24. Bxc4 g4 25. fxg4 Bxg4 26. Be2 Rg8 27. Rd3 Rh6
28. Rh3 Bxe2 29. Rxh5 Bxh5 30. Qd2 Nc6 31. Qxf4 Rhg6 32. Qh4 Bd1 33. Rf7 h5 34.
Rf6 Ne5 35. Ne6 Nf7 36. Nf4 R6g7 37. Nxh5 Bxh5 38. Qxh5+ Rh7 39. Qd5 Rg5 40.
Qxb7 1-0

[Event "?"]
[Site "Ciego de Avila"]
[Date "2010.01.18"]
[Round "6"]
[White "Quesada Perez, Yasser"]
[Black "Bruzon Batista, Lazaro"]
[Result "1/2-1/2"]
[WhiteElo "2401"]
[BlackElo "2615"]
[PlyCount "75"]
[EventDate "2010.01.12"]
[EventCountry "CUB"]

1. e4 d6 2. d4 Nf6 3. Nc3 e5 4. dxe5 dxe5 5. Qxd8+ Kxd8 6. Bc4 Ke8 7. f3 c6 8.
Be3 a5 9. a4 Na6 10. Nge2 Bc5 11. Bxc5 $146 ({RR} 11. Nd1 Nd7 12. Nc1 Bxe3 13.
Nxe3 Nac5 14. b3 ({RR} 14. Nd3 Nxd3+ 15. Bxd3 Nc5 16. Kd2 f6 17. Kc3 Kd8 18.
Rhd1 Kc7 19. b3 Bd7 20. Bc4 Rad8 21. b4 axb4+ 22. Kxb4 b6 23. a5 Ra8 24. Ra3
Rhb8 25. Rda1 Ne6 26. Bxe6 bxa5+ 27. Kc3 Bxe6 28. Rxa5 Rxa5 {
Vaisser,A (2571)-Degraeve,J (2541)/Aix les Bains 2003/CBM 097/1-0 (69)}) 14...
Nb6 15. Ke2 Be6 16. Nd3 Nxd3 17. Kxd3 Ke7 18. Bxe6 Kxe6 19. Kc3 g6 20. Nc4 Nxc4
21. Kxc4 Rad8 22. Rhd1 b6 {
1/2-1/2 Fraschini,M (2350)-Moran Nuque,A (2415)/Matanzas 1995/EXT 1997}) 11...
Nxc5 12. Nc1 Ke7 13. Nd3 Nxd3+ 14. Bxd3 Be6 15. O-O-O g5 16. g3 Rhg8 17. Ne2
Nd7 18. h4 g4 19. f4 f6 20. f5 Bf7 21. Nc3 Nc5 22. Be2 Rad8 23. Rxd8 Rxd8 24.
Rd1 Rxd1+ 25. Kxd1 h5 26. Kd2 Kd6 27. b3 Nd7 28. Nd1 Kc5 29. Kc3 b5 30. Nb2 Kb6
31. Nd3 Be8 32. axb5 cxb5 33. b4 a4 34. Kb2 Bf7 35. Ka3 Kc6 36. Nb2 Nb6 37. Bf1
Bg8 38. Be2 1/2-1/2

[Event "?"]
[Site "Ciego de Avila"]
[Date "2010.01.18"]
[Round "6"]
[White "Quesada Perez, Yuniesky"]
[Black "Corrales Jimenez, Fidel"]
[Result "1-0"]
[WhiteElo "2565"]
[BlackElo "2602"]
[PlyCount "87"]
[EventDate "2010.01.12"]
[EventCountry "CUB"]

1. e4 c5 2. Nf3 d6 3. d4 cxd4 4. Nxd4 Nf6 5. Nc3 a6 6. Be3 e6 7. f3 b5 8. Qd2
Nbd7 9. g4 Nb6 10. a4 Nc4 11. Bxc4 bxc4 12. a5 Bb7 13. Na4 d5 14. e5 Nd7 15. f4
Qh4+ 16. Bf2 Qxg4 17. Rg1 Qh5 18. b4 $146 ({RR} 18. Rg5 Qxh2 19. O-O-O g6 20.
Rgg1 Qh6 21. Rh1 Qg7 22. Bh4 Rc8 23. f5 gxf5 24. Rdg1 Qxe5 25. Re1 Qc7 26. Qg5
Ne5 27. Qf6 Ng6 28. Nxe6 fxe6 29. Rxe6+ Be7 30. Rhe1 Kd8 31. Rxe7 Nxe7 32.
Qxh8+ {1-0 Erdogdu,M (2383)-Zherebukh,Y (2321)/Lvov 2006/CBM 115 ext (32)}) ({
RR} 18. h4 Be7 19. Rxg7 Nxe5 20. Nb6 ({RR} 20. Qe3 Bb4+ 21. Nc3 Ng4 22. Qe2 Nf6
23. Nxe6 Qxe2+ 24. Kxe2 Ke7 25. Bc5+ Bxc5 26. Nxc5 d4 27. N3a4 Bc6 28. Re1 Nd5
29. Rg5 Nxf4+ 30. Kd2+ Ne6 31. Nxe6 fxe6 32. Nc5 c3+ 33. bxc3 dxc3+ 34. Kxc3
Rac8 {Kritz,L (2578)-Tsarouhas,K (2282)/Ermioni 2006/CBM 113 ext/1-0 (50)})
20... Rd8 21. Ra3 Bxa3 22. bxa3 Nf3+ 23. Nxf3 Qxf3 24. Bd4 Rf8 25. Bf6 Rd6 26.
Qd4 Qxa3 27. Kf2 Qc1 28. c3 Qc2+ 29. Ke3 Qb1 30. h5 Qe1+ 31. Kf3 Qxc3+ 32. Qxc3
d4+ {Zhigalko,A (2554)-Gubajdullin,A (2475)/St Petersburg 2007/CBM 121 Extra/
0-1 (36)}) 18... g6 19. Ra3 Qxh2 20. Rag3 Be7 21. Qe3 Qh6 22. c3 Rc8 23. Rh3
Qf8 24. Ke2 Bc6 25. Nxc6 Rxc6 26. Qa7 Rc8 27. Qxa6 Rd8 28. Nb6 f6 29. Nxd7 Rxd7
30. Qxe6 fxe5 31. Qxe5 Qf6 32. Rxg6 Qxg6 33. Qxh8+ Bf8 34. Re3+ Kf7 35. Qe5
Qc2+ 36. Kf1 Qd1+ 37. Kg2 Re7 38. Qf5+ Ke8 39. Rxe7+ Bxe7 40. a6 Qa4 41. Qc8+
Kf7 42. a7 Qc2 43. a8=Q Qe4+ 44. Kg1 1-0

[Event "?"]
[Site "Ciego de Avila"]
[Date "2010.01.18"]
[Round "6"]
[White "Gomez Garrido, Camilo"]
[Black "Vera Gonzalez, Quevedo Reynaldo"]
[Result "0-1"]
[WhiteElo "2497"]
[BlackElo "2499"]
[PlyCount "76"]
[EventDate "2010.01.12"]
[EventCountry "CUB"]

1. e4 c5 2. Nf3 d6 3. d4 cxd4 4. Nxd4 Nf6 5. Nc3 a6 6. Be3 e5 7. Nb3 Be7 8. Qd2
O-O 9. O-O-O Be6 ({RR} 9... a5 10. Kb1 a4 11. Nc1 a3 12. b3 Be6 13. h3 Ra5 14.
g4 d5 15. g5 d4 16. gxf6 Bxf6 17. Qe1 Nd7 18. Nd5 Rxd5 19. exd5 Bxd5 20. Rg1
Qc7 21. Bg5 Rc8 22. c4 dxc3 23. Rxd5 c2+ 24. Ka1 {
Ivanchuk,V (2786)-Shirov,A (2726)/Motril 2008/CBM 127/0-1 (31)}) 10. f4 b5 11.
f5 Bd7 12. g4 $146 ({RR} 12. Rg1 b4 13. Nd5 Nxd5 14. Qxd5 Bc6 15. Qc4 a5 16.
Kb1 a4 17. Nc1 b3 18. g4 bxc2+ 19. Qxc2 Qd7 20. Ne2 Na6 21. a3 Qb7 22. Nc3 Rfc8
23. g5 Rab8 24. Rg2 Be8 25. f6 Bf8 26. fxg7 Kxg7 {Zhigalko,S (2622)-Dziuba,M
(2535)/Lublin POL 2009/The Week in Chess 760/0-1 (43)}) 12... Nxg4 13. Rg1 Nxe3
14. Qxe3 Kh8 15. Nd5 Bc6 16. Qg3 Rg8 17. Be2 Nd7 18. Bf3 Rc8 19. Kb1 Nf6 20.
Nxf6 Bxf6 21. Rd3 Qe7 22. Qh3 b4 23. Bg2 h6 24. Rgd1 Rgd8 25. R3d2 Qc7 26. Qd3
Bb5 27. Qf3 a5 28. Bf1 Bxf1 29. Rxf1 a4 30. Nc1 a3 31. b3 d5 32. Rff2 dxe4 33.
Rxd8+ Rxd8 34. Qxe4 Qc3 35. Nd3 Rd4 36. Qa8+ Kh7 37. Qe8 Qe1+ 38. Nc1 Rd1 0-1

[Event "?"]
[Site "Ciego de Avila"]
[Date "2010.01.18"]
[Round "6"]
[White "Ortiz Suarez, Isan Reynaldo"]
[Black "Delgado Ramirez, Neuris"]
[Result "1/2-1/2"]
[WhiteElo "2523"]
[BlackElo "2595"]
[PlyCount "106"]
[EventDate "2010.01.12"]
[EventCountry "CUB"]

1. e4 c5 2. Nf3 d6 3. d4 cxd4 4. Nxd4 Nf6 5. Nc3 a6 6. Be3 e5 7. Nb3 Be7 8. Qd2
Ng4 9. g3 Nxe3 10. Qxe3 Bg5 11. f4 exf4 12. gxf4 Bh4+ 13. Kd2 Nc6 14. Rd1 $146
({RR} 14. Rg1 g5 15. fxg5 Ne5 16. Kc1 Bg4 17. Kb1 Bxg5 18. Qg3 Bh4 19. Qe3 Be6
20. Be2 Rc8 21. Nd4 Qf6 {1/2-1/2 Jakovenko,D (2742)-Gashimov,V (2740)/Novi Sad
SRB 2009/The Week in Chess 782}) 14... Bg4 15. Be2 Bxe2 16. Qxe2 Bf6 17. e5
dxe5+ 18. Kc1 Qc8 19. Nd5 Bd8 20. fxe5 Qf5 21. Rde1 Bg5+ 22. Kb1 O-O-O 23. Rhf1
Qe6 24. Nb6+ Kc7 25. Nc4 Bh4 26. Nd6 Rhf8 27. Nxb7 Bxe1 28. Nxd8 Rxd8 29. Rxe1
Rd5 30. Qxa6 Rxe5 31. Rc1 Re1 32. a4 Rxc1+ 33. Nxc1 f5 34. a5 Qe3 35. Nd3 f4
36. Qb6+ Qxb6 37. axb6+ Kxb6 38. Nxf4 g5 39. Nd5+ Kb5 40. Nf6 h6 41. h3 Ne5 42.
c3 Nd3 43. Ng4 h5 44. Nf6 Nf4 45. Kc2 h4 46. Ng4 Nxh3 47. Kd3 Nf4+ 48. Kd4 Ne2+
49. Kd5 Nf4+ 50. Kd4 Ne2+ 51. Ke3 Nf4 52. b3 h3 53. Nh2 Kc5 1/2-1/2

[Event "?"]
[Site "Ciego de Avila"]
[Date "2010.01.18"]
[Round "6"]
[White "Nogueiras Santiago, Jesus"]
[Black "Gonzalez Vidal, Yuri"]
[Result "1-0"]
[WhiteElo "2570"]
[BlackElo "2523"]
[PlyCount "93"]
[EventDate "2010.01.12"]
[EventCountry "CUB"]

1. d4 Nf6 2. Nf3 e6 3. Bf4 b6 4. e3 Bb7 5. h3 Bd6 ({RR} 5... c5 6. c3 cxd4 ({RR
} 6... d5 7. Bxb8 Rxb8 8. Qa4+ Nd7 9. Qxa7 Bc6 10. dxc5 Ra8 11. cxb6 Rxa7 12.
bxa7 Bc5 13. b4 Bxa7 14. a4 O-O 15. Be2 Qc7 16. a5 Rb8 17. Na3 Ba4 18. Kd2 e5
19. Rhc1 Qd6 20. Ke1 Nf6 21. Ra2 {
Faerman,L-Dunn,R/Parsipanny USA 2009/The Week in Chess 749/0-1 (38)}) 7. cxd4
Nc6 8. a3 Be7 9. Nc3 d5 10. Bd3 O-O 11. O-O Rc8 12. Qe2 Na5 13. Ne5 Nd7 14.
Rfe1 Nxe5 15. Bxe5 Nc4 16. Bg3 Nd6 17. Rac1 Qd7 18. Rc2 Nc4 19. Rec1 a6 20. Nb1
{Prie,E (2532)-Karpov,A (2670)/Ajaccio 2007/CBM 120 ext/1/2-1/2 (32)}) 6. Bg5
$146 ({RR} 6. Bxd6 cxd6 7. c4 ({RR} 7. Nbd2 O-O 8. Bd3 d5 9. c3 Nc6 10. O-O Ne7
11. Nh2 Ne4 12. f3 Ng3 13. Rf2 f5 14. Ndf1 Qc7 15. f4 Ne4 16. Rc2 Rac8 17. Nf3
d6 18. Qe1 Rf6 19. g4 Rh6 20. Rh2 fxg4 21. hxg4 Rxh2 {
Kaloussis,E (2260)-Delithanasis,D (2200)/Iraklion 1983/EXT 2006/0-1 (55)}) 7...
d5 8. Nc3 O-O 9. Rc1 dxc4 ({RR} 9... Qe7 10. a3 dxc4 11. Bxc4 d6 12. O-O Nbd7
13. Re1 Rfc8 14. Nd2 a6 15. Be2 {
1/2-1/2 Prie,E (2513)-Eingorn,V (2588)/France 2007/EXT 2008}) 10. Bxc4 d5 11.
Bd3 Ne4 12. O-O Nd7 13. Bxe4 dxe4 14. Nd2 f5 {
1/2-1/2 Shangin,V (2239)-Korostelev,S (2203)/Cheliabinsk 2008/EXT 2009}) 6...
h6 7. Bxf6 Qxf6 8. Nbd2 c5 9. c3 Bc7 10. Bd3 Nc6 11. Qe2 cxd4 12. exd4 Ne7 13.
Ne4 Bxe4 14. Qxe4 d5 15. Bb5+ Kf8 16. Qe2 g6 17. Ne5 Kg7 18. g3 Nf5 19. O-O-O
h5 20. Kb1 Nd6 21. Bd3 b5 22. Rde1 Nc4 23. f4 a5 24. Rhf1 Qe7 25. g4 hxg4 26.
hxg4 Bxe5 27. dxe5 Rh3 28. f5 Qg5 29. f6+ Kf8 30. Bxc4 bxc4 31. Rh1 Rh6 32. Qg2
Ke8 33. Qf2 Rxh1 34. Rxh1 Kd7 35. Qd4 Kc6 36. a4 Rb8 37. Rh2 Rb7 38. Rh8 Kd7
39. Rf8 Kc6 40. Rd8 Kc7 41. Ra8 Kd7 42. Rxa5 Qh4 43. Rb5 Rc7 44. Rb6 Qe1+ 45.
Ka2 Qe2 46. Rd6+ Kc8 47. Qb6 1-0

[Event "?"]
[Site "Ciego de Avila"]
[Date "2010.01.18"]
[Round "6"]
[White "Bacallao Alonso, Yusnel"]
[Black "Almeida Quintana, Omar"]
[Result "0-1"]
[WhiteElo "2506"]
[BlackElo "2538"]
[PlyCount "108"]
[EventDate "2010.01.12"]
[EventCountry "CUB"]

1. e4 {Yudasin,L} g6 2. d4 Bg7 3. Nc3 d6 4. Nf3 a6 5. Be2 ({RR} 5. a4 b6 6. Bd3
) 5... Nd7 ({RR} 5... b5 6. a4 ({RR} 6. a3) 6... b4 7. Nd5 Bb7 8. Nxb4 ({RR} 8.
Qd3 a5) 8... Bxe4 9. O-O Nf6) 6. O-O b5 7. a4 b4 8. Nd5 a5 ({RR} 8... Bb7 9.
Nxb4 Bxe4 10. Ng5 Bb7 11. Bf3 Qc8 12. Re1) 9. c3 c6 $146 ({RR} 9... e6 10. Ne3
Bb7 11. cxb4 ({RR} 11. Qc2 Ngf6 ({RR} 11... bxc3 12. bxc3 Ne7) 12. e5 Ne4 ({RR
} 12... dxe5 13. dxe5 Nd5 14. Nc4 O-O 15. Bg5 Qc8 16. Rfe1) 13. Bd3 f5 ({RR} 
13... Ng5 14. Nxg5 Qxg5 15. cxb4 dxe5 16. Qxc7 Rb8 17. d5 exd5 18. Nxd5 Qd8 19.
Qd6) ({RR} 13... d5 14. c4) 14. exf6 Ndxf6 ({RR} 14... Nexf6 15. Ng5 Nf8 16.
Bb5+ c6 17. Bc4 d5 18. Bd3) 15. cxb4 axb4 16. Nd2 ({RR} 16. Bb5+ Ke7 17. Re1)
16... Nxd2 17. Bxd2 ({RR} 17. Bb5+ Nd7 18. Bxd2 ({RR} 18. Qxd2 O-O 19. Qxb4 c5
20. dxc5 Nxc5) 18... Bxd4) ({RR} 17. Qxd2 Rb8 18. Qxb4 Bxg2 19. Bb5+ c6 20. Qc4
cxb5 21. Qxe6+ Qe7 22. Qxe7+ Kxe7 23. Kxg2 bxa4 24. Rxa4 Rb7 25. Re1 Kf7 26.
Nc4 Rd8 27. Bf4 Bf8) 17... O-O ({RR} 17... Nd5 18. Bb5+ Ke7 19. Rfe1 ({RR} 19.
Rac1)) 18. Bxb4 Nh5 ({RR} 18... Nd5 19. Nxd5 ({RR} 19. Bc3 Qg5) 19... Bxd5 20.
Bc3 ({RR} 20. Bc4 Bxd4 21. Rad1 Rxf2 22. Rxf2 Bxf2+ 23. Kxf2 ({RR} 23. Qxf2
Bxc4 24. Qd4 Ba6 ({RR} 24... Bb3 25. Rd3 e5) 25. Bc3 e5 26. Qd5+ Kf8 27. Bxe5)
23... Qh4+) ({RR} 20. Be4 Bxd4 21. Bxd5 exd5 22. Qd2 Qf6) 20... Qh4 21. g3 Qg4
22. Be2 Rf3 23. Rfe1 Raf8 24. Qd2) 19. Be4 Bxe4 20. Qxe4 Nf4 21. Nc2 c5 22.
dxc5 d5 ({RR} 22... Bxb2 23. cxd6 Bxa1 24. Rxa1 Qf6 25. d7 Rfd8 26. Rd1 Ra7 27.
Qc6 Nd5) 23. Qe3 e5 ({RR} 23... Bxb2 24. g3 Nh3+ ({RR} 24... Bxa1 25. Rxa1 Nh3+
26. Kg2 Ng5 27. h4 Ne4 28. f3 Nf6 29. Qxe6+ Rf7 30. Nd4) 25. Kg2 Ng5 26. h4 Ne4
27. f3) 24. g3 Ne6 25. Rad1 d4 {
Rublevsky,S (2665)-Ibragimov,I (2590)/Elista 1998/CBM 065/[Yudasin,L]/1-0 (37)}
({RR} 25... Rxa4 26. Qb3)) 11... Bxe4 12. bxa5 Rxa5 13. Nd2 Bb7 14. Bb5 Ne7 15.
Nb3 Ra8 16. a5 Ba6 17. Bxa6 Rxa6 18. d5 e5 19. Nc2 Qb8 20. Qd3 Ra8 21. Bg5 f6
22. Bd2 O-O 23. Nb4 f5 24. f3 {
Sebag,M (2432)-Fressinet,L (2640)/Paris 2003/CBM 096 ext/1-0 (36)}) ({RR} 9...
Bb7 10. Qc2 Ngf6 11. c4 ({RR} 11. Nxf6+ Nxf6 12. e5)) 10. Nf4 bxc3 11. bxc3 e5
12. dxe5 dxe5 13. Nd3 Qc7 14. Nd2 Ngf6 15. Ba3 Bf8 16. Qc1 Ba6 17. c4 Bxa3 18.
Qxa3 c5 19. f4 exf4 20. e5 Nxe5 21. Qc3 Nfd7 22. Nf3 f6 23. Nxf4 Bb7 24. Rae1
Qd6 25. Rb1 Be4 26. Rbd1 Qe7 27. Nxe5 Nxe5 28. Qe3 Bc6 29. Nd5 Bxd5 30. cxd5
Rd8 31. Bb5+ Kf7 32. Qd2 Rd6 33. Qxa5 Rhd8 34. Rde1 Kg7 35. Bc6 c4 36. Qc5 Qc7
37. Rxe5 fxe5 38. Qxc4 Qb6+ 39. Kh1 Rf8 40. Rxf8 Kxf8 41. h3 Rf6 42. Bb5 Kg7
43. Qc3 Qd4 44. Qxd4 exd4 45. Kg1 Rf5 46. Bc4 Kf8 47. d6 Rf6 48. a5 Rxd6 49. a6
Rb6 50. Kf2 Rb4 51. Bd3 Rb3 52. Bc4 Rc3 53. Bd5 Ra3 54. Bc4 Ke7 0-1

[Event "?"]
[Site "Ciego de Avila"]
[Date "2010.01.18"]
[Round "6"]
[White "Arencibia Rodriguez, Walter"]
[Black "Jimenez Fraga, Pedro Alejandro"]
[Result "1-0"]
[WhiteElo "2499"]
[BlackElo "2453"]
[PlyCount "81"]
[EventDate "2010.01.12"]
[EventCountry "CUB"]

1. Nf3 Nf6 2. g3 g6 3. b3 Bg7 4. Bb2 d6 5. d4 O-O 6. Bg2 Nc6 7. O-O Bd7 ({RR} 
7... Bf5 8. d5 Nb4 9. Nd4 Be4 10. c4 Bxg2 11. Kxg2 Qd7 12. Nc3 e5 13. Nc2 Nxc2
14. Qxc2 h5 15. e4 Ng4 16. Rae1 f5 17. f3 Nh6 18. exf5 gxf5 19. f4 Rae8 20.
fxe5 dxe5 21. Qe2 f4 22. Qxh5 {
Kogan,B (2470)-Christiansen,L (2545)/Berkeley 1984/MCD/1-0 (45)}) ({RR} 7... a6
8. d5 Nb8 9. c4 c5 10. Nbd2 b5 11. Re1 Nbd7 12. e4 Nb6 13. e5 Ne8 14. h3 Ra7
15. Bf1 Bd7 16. a4 bxa4 17. bxa4 a5 18. Ne4 e6 19. dxe6 Bxe6 20. Qb3 d5 21.
Nxc5 dxc4 22. Nxe6 {Kurajica,B (2524)-Naranjo Moreno,A (2244)/Malaga ESP 2009/
The Week in Chess 767/1-0}) 8. c4 e5 $146 ({RR} 8... Ne8 9. Qd2 e5 10. dxe5
dxe5 11. Rd1 Nf6 12. Nxe5 Nxe5 13. Bxe5 Bc6 14. Bxc6 bxc6 15. Qxd8 Rfxd8 16.
Nc3 Ng4 17. Bxg7 Kxg7 18. h3 Ne5 19. Rxd8 Rxd8 20. Rd1 Rxd1+ 21. Nxd1 Kf6 22.
f4 Nd7 23. Kf2 {Ritz,T (2148)-Schirra,P (1623)/Seefeld 1999/EXT 2001/1-0 (37)})
({RR} 8... Re8 9. d5 Ne5 10. Nxe5 dxe5 11. Bxe5 e6 12. d6 cxd6 13. Qxd6 Qa5 14.
b4 Qa4 15. Nc3 Qa3 16. Qd4 Rad8 17. Qh4 h6 18. f4 Nh7 19. Ne4 Qxb4 20. Rab1 Qe7
21. Qxe7 Rxe7 22. Rxb7 Bxe5 23. fxe5 {
Bursteinas,J (2213)-Jadenkus,H/Platelia 1999/EXT 2005/1-0}) ({RR} 8... a6 9. d5
Na5 10. Nd4 Rb8 11. Nd2 c5 12. Nc2 b5 13. cxb5 axb5 14. e4 e5 15. dxe6 Bxe6 16.
Ne3 Nc6 17. Nb1 Ne5 18. Qc2 Rc8 19. Nc3 c4 20. Ncd5 Nd3 21. Nxf6+ Bxf6 22. Bxf6
Qxf6 23. bxc4 {Clari Mascarell,J-Marco Catala,J/Valencia 1994/EXT 2002/0-1 (41)
}) 9. dxe5 Ng4 10. Nc3 dxe5 11. h3 Nh6 12. Qd2 Qc8 13. Kh2 Nf5 14. Rad1 Rd8 15.
Nd5 Be6 16. e3 Rd7 17. Ng5 Bxd5 18. cxd5 Nd8 19. h4 h6 20. Ne4 Nd6 21. Nxd6
Rxd6 22. e4 Qd7 23. Bh3 Qe8 24. Qc3 c6 25. f4 cxd5 26. exd5 Qb5 27. Bg2 f6 28.
a4 Qb6 29. fxe5 fxe5 30. Ba3 Rd7 31. Qd3 Nf7 32. Bh3 Rad8 33. Bxd7 Rxd7 34. d6
h5 35. Qd5 Qc6 36. Rxf7 Rxf7 37. Qxc6 bxc6 38. d7 Bf6 39. d8=Q+ Bxd8 40. Rxd8+
Kh7 41. Bc5 1-0

[Event "?"]
[Site "Ciego de Avila"]
[Date "2010.01.18"]
[Round "6"]
[White "Martinez Duany, Lelys Stanley"]
[Black "Perez Rodriguez, Luis Manuel"]
[Result "1/2-1/2"]
[WhiteElo "2506"]
[BlackElo "2487"]
[PlyCount "58"]
[EventDate "2010.01.12"]
[EventCountry "CUB"]

1. e4 {Hecht} e5 2. Nf3 Nc6 3. Bb5 a6 4. Ba4 Nf6 5. O-O b5 6. Bb3 Bc5 7. a4 Rb8
8. axb5 axb5 9. d3 O-O ({RR} 9... h6 10. Be3 d6 11. h3 O-O 12. Nc3 Bxe3 13.
fxe3 Be6 14. Bxe6 fxe6 15. Ra6 Nb4 16. Ra5 c6 17. Ra1 Qb6 18. Qd2 c5 19. Kh2
Nc6 20. Ne2 d5 21. Ng3 Rbd8 22. Qc3 Kh7 23. exd5 exd5 24. Qe1 {Vachier Lagrave,
M (2684)-Goldsztejn,G (2407)/Livry-Gargan FRA 2009/The Week in Chess 757/1-0
(48)}) 10. Nc3 h6 11. Be3 d6 12. Nd5 $146 ({RR} 12. Bxc5 dxc5 13. h3 Qd6 14.
Ne2 c4 15. dxc4 bxc4 16. Ba4 Ne7 17. Nc3 Rxb2 18. Qc1 Rb6 19. Qe3 Ng6 20. Bb5
Nf4 21. Bxc4 Rc6 22. Ra4 N6h5 23. Nh4 Qf6 24. Nf5 Bxf5 25. exf5 Qxf5 26. Nd5
Qg5 {Kovalevskaya,E (2497)-Stefanova,A (2444)/Groningen 1999/CBM 075/[Hecht]/
1-0 (61)}) 12... Nxd5 13. Bxd5 Bxe3 14. fxe3 Ne7 15. Bb3 Ng6 16. Nd2 Be6 17.
Bxe6 fxe6 18. Qg4 Qe8 19. h4 Rxf1+ 20. Nxf1 Nf8 21. Ng3 Ra8 22. Rxa8 Qxa8 23.
Nh5 g6 24. Kh2 Qd8 25. Kh3 Kh7 26. Ng3 Qf6 27. Qf3 Nd7 28. Ne2 c6 29. Nc3 Kg7
1/2-1/2

[Event "?"]
[Site "Ciego de Avila"]
[Date "2010.01.19"]
[Round "7"]
[White "Vera Gonzalez, Quevedo Reynaldo"]
[Black "Quesada Perez, Yuniesky"]
[Result "1/2-1/2"]
[WhiteElo "2499"]
[BlackElo "2565"]
[PlyCount "47"]
[EventDate "2010.01.12"]
[EventCountry "CUB"]

1. d4 Nf6 2. Nf3 e6 3. g3 b6 4. Bg2 Bb7 5. O-O c5 6. c4 cxd4 7. Qxd4 d6 8. Nc3
Be7 9. Rd1 a6 10. b3 Nbd7 11. e4 O-O 12. Ba3 Nc5 13. e5 dxe5 14. Qxd8 Rfxd8 15.
Nxe5 Bxg2 16. Kxg2 Bf8 17. Bxc5 bxc5 18. f4 ({RR} 18. Na4 Rd6 19. Rxd6 Bxd6 20.
f4 Ne4 21. Rd1 f5 22. Nd3 Be7 23. Nf2 Nf6 24. Kf3 Kf7 25. h3 Ke8 26. Re1 Kf7
27. Nd3 Ne4 28. Ne5+ Ke8 29. Rd1 Bf6 30. Rd3 Rd8 31. Rxd8+ Kxd8 32. Nd3 Bd4 {
Gabrielian,A (2513)-Guzenko,A (2139)/St . Petersburg RUS 2009/The Week in
Chess 780/1-0 (60)}) 18... Rac8 ({RR} 18... Rd6 19. Rxd6 Bxd6 20. Kf3 Bxe5 21.
fxe5 Nd7 22. Kf4 Kf8 23. Rd1 Ke7 24. Na4 Ra7 25. g4 h6 26. Rd3 g5+ 27. Ke4 f6
28. exf6+ Nxf6+ 29. Kf3 Nd7 30. Ke2 Ne5 31. Rh3 Kd6 32. Rxh6 Nxg4 33. Rh8 {
Vaganian,R (2615)-Huebner,R (2620)/Germany 1993/EXT 1997/1/2-1/2 (47)}) 19. Na4
Ne4 $146 ({RR} 19... h5 20. Nb6 Rb8 21. Ned7 Nxd7 22. Nxd7 Rbc8 23. Rd3 Be7 24.
Rad1 Re8 25. Nb6 Rc6 26. Na4 Bf6 27. Rd6 Rec8 28. Rxc6 Rxc6 29. Rd7 g6 30. Kf3
Kg7 31. Ke4 h4 32. g4 g5 33. fxg5 Bxg5 34. Nb2 {
Cobb,C (2408)-Daroza,E (2102)/Caerleon 2007/CBM 119 ext/1-0 (40)}) ({RR} 19...
Rd6 20. Kf3 Ne8 21. Rxd6 Bxd6 22. Rd1 Kf8 23. Nd3 h5 24. h3 Ke7 25. g4 Nf6 26.
Ne5 Bxe5 27. fxe5 hxg4+ 28. hxg4 Nd7 29. Rxd7+ Kxd7 30. Nb6+ Kc7 31. Nxc8 Kxc8
32. g5 Kd7 33. Ke4 a5 34. Kd3 {Vera Gonzalez,R (2495)-Forsaa,E (2285)/Cappelle
la Grande 2008/CBM 122 Extra/1-0 (46)}) 20. Nb6 Rb8 21. Nbd7 Rbc8 22. Nb6 Rb8
23. Nbd7 Rbc8 24. Nb6 1/2-1/2